| 000 | 00479nam a2200133 a 4500 | ||
|---|---|---|---|
| 008 | 120416s1969 ||||||||||||||||| || u | ||
| 050 | _aPT 2613.R334.H8 | ||
| 100 | _aGrass, Gunter | ||
| 245 | 1 | 0 |
_aDog years _ctranslated by Ralph Manheim |
| 260 |
_aHarmondsworth _bPenguin _c1969 |
||
| 300 | _a617p. | ||
| 350 | _a0.00 | ||
| 995 |
_D0.00 _FCBU-MAIN LIBRARY (Kitwe) _H1 _I0.00 _M1 _UAVAILABLE _ZMain Library Open Access Collection |
||
| 999 |
_c40423 _d40423 |
||